|
|
|
|
| LEADER |
00000nam2a2200000 4500 |
| 001 |
317764 |
| 005 |
20231102003016.0 |
| 020 |
|
|
|a RU
|b 82-48770ж
|
| 035 |
|
|
|a (RuTPU)RU\TPU\book\343232
|
| 090 |
|
|
|a 317764
|
| 100 |
|
|
|a 20160413c1982 km y0rusy5003 ca
|
| 101 |
0 |
|
|a rus
|
| 102 |
|
|
|a UA
|
| 105 |
|
|
|a a z 001zy
|
| 200 |
0 |
|
|a Вып. 9
|
| 210 |
|
|
|d 1982
|
| 215 |
|
|
|a 103 с.
|c ил.
|
| 306 |
|
|
|a Изд. выходит с 1980 г.
|
| 320 |
|
|
|9 572
|a Библиогр. в конце ст.
|
| 461 |
|
1 |
|0 (RuTPU)RU\TPU\book\129633
|t Физика и техника высоких давлений
|o республиканский межведомственный сборник научных трудов
|f Академия наук Украинской ССР, Донецкий физико-технический институт
|v Вып. 9
|d 1980-1990
|
| 606 |
1 |
|
|a Давления высокие
|x (физика)
|2 stltpush
|3 (RuTPU)RU\TPU\subj\4802
|9 33017
|
| 610 |
1 |
|
|a физико-механические свойства
|
| 610 |
1 |
|
|a материалы
|
| 610 |
1 |
|
|a твердые тела
|
| 610 |
1 |
|
|a материалы
|
| 610 |
1 |
|
|a пластическое деформирование
|
| 610 |
1 |
|
|a гидростатические давления
|
| 610 |
1 |
|
|a влияние
|
| 610 |
1 |
|
|a структура
|
| 610 |
1 |
|
|a гидростатическое прессование
|
| 610 |
1 |
|
|a гидроэкструзия
|
| 610 |
1 |
|
|a обработка давлением
|
| 675 |
|
|
|a 539.89
|z rus
|v 3
|
| 801 |
|
0 |
|a RU
|b RuMRKP
|c 19950704
|g psbo
|
| 801 |
|
1 |
|a RU
|b 63413507
|c 20160413
|
| 801 |
|
2 |
|a RU
|b 63413507
|c 20200611
|g RCR
|
| 942 |
|
|
|c BK
|